Objects in the Blur - Statistics

General Stats
  • This quiz has been taken 10 times
  • The average score is 11 of 16
Answer Stats
Picture Hint Answer % Correct
Object Pencil
100%
Flag Eswatini
90%
Landmark Leaning Tower of Pisa
90%
Video Game Minecraft
90%
Food Pizza
90%
Book 1984
80%
Book A Tale of Two Cities
70%
Body of Water Caspian Sea
70%
Game Pool
70%
Person Xi Jinping
70%
Subdivision Alberta
60%
Person Henry VIII
60%
Celestial Body Pluto
60%
Country Bolivia
50%
Country Singapore
50%
Movie Wicked
40%
No matching quizzes found
Score Distribution
Percent of People with Each Score
Percentile by Number Answered
Your Score History
You have not taken this quiz